NRM 2 (Record no. 114051)
[ view plain ]
| 000 -LEADER | |
|---|---|
| fixed length control field | 02229cam a22003615a 4500 |
| 001 - CONTROL NUMBER | |
| control field | L156134 |
| 008 - FIXED-LENGTH DATA ELEMENTS--GENERAL INFORMATION | |
| fixed length control field | 120501s2012 xxk f 001 0 eng d |
| 020 ## - INTERNATIONAL STANDARD BOOK NUMBER | |
| International Standard Book Number | 9781842197165 |
| 035 ## - SYSTEM CONTROL NUMBER | |
| System control number | (Sirsi) u156134 |
| 041 0# - LANGUAGE CODE | |
| Language code of text/sound track or separate title | eng |
| 050 04 - LIBRARY OF CONGRESS CALL NUMBER | |
| Classification number | 692.3095 |
| 110 1# - MAIN ENTRY--CORPORATE NAME | |
| Corporate name or jurisdiction name as entry element | Royal Institution of Chartered Surveyors |
| 9 (RLIN) | 4900 |
| 240 ## - UNIFORM TITLE | |
| Uniform title | NRM 2 |
| 245 00 - TITLE STATEMENT | |
| Title | NRM 2 |
| Remainder of title | RICS new rules of measurement |
| -- | detailed measurement for building works |
| Statement of responsibility, etc. | [old edition] |
| 260 ## - PUBLICATION, DISTRIBUTION, ETC. | |
| Place of publication, distribution, etc. | Coventry |
| Name of publisher, distributor, etc. | RICS |
| Date of publication, distribution, etc. | 2012 |
| 300 ## - PHYSICAL DESCRIPTION | |
| Extent | vi, 298p. |
| Other physical details | ill. |
| Dimensions | 30cm. |
| 350 ## - PRICE (NR) (BK AM CF MU VM SE) [OBSOLETE] | |
| Price | 45 |
| 490 #0 - SERIES STATEMENT | |
| Series statement | RICS Guidance Note |
| 505 2# - FORMATTED CONTENTS NOTE | |
| Formatted contents note | Foreword -- Introduction -- Part 1, general: introduction; measurement in context with the RIBA Plan of Work and OGC Gateway Process; purpose of NRM 2; use of NRM 2; structure of NRM 2; symbols, abbreviations and definitions |
| 505 2# - FORMATTED CONTENTS NOTE | |
| Formatted contents note | Part 2, rules for detailed measurement of building works: introduction; purpose of bill of quantities; benefits of bill of quantities; types of bill of quantities; preparation of bill of quantites; composition of a bill of quantities; preliminaries; measurement rules for building works; non-measurable works; risks; overheads and profit; credits; other considerations; information requirements for measurement; codification of bill of quantities; cost management/control; analysis, collection and storage of cost data |
| 505 ## - FORMATTED CONTENTS NOTE | |
| Formatted contents note | Part 3, tabulated rules of measurement for building works: introduction; use of tabulated rules for building works; measurement rules for building works; tabulated work sections; -- Appendices-- Bibliography -- Index |
| 520 ## - SUMMARY, ETC. | |
| Summary, etc. | Provides a standard set of measurement rules that are understandable by all those involved in a construction project. They provide advice and best practice guidance to RICS members involved in the cost management of construction projects worldwide. |
| 520 ## - SUMMARY, ETC. | |
| Summary, etc. | Superseded by 2nd editon, 2021 (ISBN 9781783214259) |
| 521 ## - TARGET AUDIENCE NOTE | |
| Target audience note | Advanced |
| 650 24 - SUBJECT ADDED ENTRY--TOPICAL TERM | |
| Topical term or geographic name entry element | RICS NEW RULES OF MEASUREMENT |
| 650 24 - SUBJECT ADDED ENTRY--TOPICAL TERM | |
| Topical term or geographic name entry element | NEW RULES OF MEASUREMENT 2 |
| 651 #4 - SUBJECT ADDED ENTRY--GEOGRAPHIC NAME | |
| Geographic name | International |
| 690 ## - LOCAL SUBJECT ADDED ENTRY--TOPICAL TERM (OCLC, RLIN) | |
| Topical term or geographic name as entry element | Cost management |
| 9 (RLIN) | 6233 |
| 690 ## - LOCAL SUBJECT ADDED ENTRY--TOPICAL TERM (OCLC, RLIN) | |
| Topical term or geographic name as entry element | Measurement |
| 9 (RLIN) | 6256 |
| 690 ## - LOCAL SUBJECT ADDED ENTRY--TOPICAL TERM (OCLC, RLIN) | |
| Topical term or geographic name as entry element | Construction management |
| 9 (RLIN) | 6230 |
| 690 ## - LOCAL SUBJECT ADDED ENTRY--TOPICAL TERM (OCLC, RLIN) | |
| Topical term or geographic name as entry element | Project management |
| 9 (RLIN) | 6261 |
| 942 ## - ADDED ENTRY ELEMENTS (KOHA) | |
| Suppress in OPAC | 0 |
| Source of classification or shelving scheme | Dewey Decimal Classification |
| Withdrawn status | Lost status | Source of classification or shelving scheme | Damaged status | Not for loan | Home library | Current library | Shelving location | Date acquired | Total Checkouts | Full call number | Barcode | Date last seen | Copy number | Price effective from | Koha item type |
|---|---|---|---|---|---|---|---|---|---|---|---|---|---|---|---|
| Dewey Decimal Classification | London | London | RICS Boxes | 01/05/2012 | RICS 2012/13 | 30077429 | 06/08/2019 | 1 | 06/08/2019 | Archive | |||||
| Missing from bundle | London | London | Folio | 01/05/2012 | F692.3095 ROY | 30077431 | 06/08/2019 | 2 | 06/08/2019 | Book | |||||
| Missing from bundle | London | London | Folio | 01/05/2012 | F692.3095 ROY | 30077432 | 06/08/2019 | 3 | 06/08/2019 | Book |